Reglamento interno estatutario y leyes 6160, 6201 y 6200. (Record no. 49366)
[ view plain ]
| 000 -CABECERA | |
|---|---|
| campo de control de longitud fija | 00526nam a22001817a 4500 |
| 003 - IDENTIFICADOR DEL NÚMERO DE CONTROL | |
| campo de control | OSt |
| 005 - FECHA Y HORA DE LA ÚLTIMA TRANSACCIÓN | |
| campo de control | 20210215120946.0 |
| 007 - CAMPO FIJO DE DESCRIPCIÓN FÍSICA--INFORMACIÓN GENERAL | |
| campo de control de longitud fija | ta |
| 008 - DATOS DE LONGITUD FIJA--INFORMACIÓN GENERAL | |
| campo de control de longitud fija | 210215e1994 dr ||||fr|||| 001 0 spa d |
| 040 ## - FUENTE DE LA CATALOGACIÓN | |
| Centro catalogador/agencia de origen | DO-SdBNP |
| Lengua de catalogación | spa |
| Centro/agencia transcriptor | BNPHU |
| 041 ## - CÓDIGO DE LENGUA | |
| Código de lengua original | spa |
| 082 ## - NÚMERO DE LA CLASIFICACIÓN DECIMAL DEWEY | |
| Número de clasificación | BNPHU-xxxx |
| Número de documento/Ítem | R377i |
| 245 0# - MENCIÓN DE TÍTULO | |
| Título | Reglamento interno estatutario y leyes 6160, 6201 y 6200. |
| 260 ## - PUBLICACIÓN, DISTRIBUCIÓN, ETC. | |
| Lugar de publicación, distribución, etc. | Santo Domingo : |
| Nombre del editor, distribuidor, etc. | CODIA , |
| Fecha de publicación, distribución, etc. | 1994 |
| 300 ## - DESCRIPCIÓN FÍSICA | |
| Extensión | 99 pg. |
| Dimensiones | 20 cm |
| 710 ## - PUNTO DE ACCESO ADICIONAL--NOMBRE DE ENTIDAD CORPORATIVA | |
| Nombre de entidad corporativa o nombre de jurisdicción como elemento de entrada | Colegio Dominicano de Ingenieros Arquitectos y Agrimensores (CODIA) |
| 9 (RLIN) | 77754 |
| 942 ## - ELEMENTOS DE PUNTO DE ACCESO ADICIONAL (KOHA) | |
| Fuente del sistema de clasificación o colocación | Dewey Decimal Classification |
| Tipo de ítem Koha | Folleto |
| Estado de retiro | Estado de pérdida | Fuente del sistema de clasificación o colocación | No para préstamo | Código de colección | Localización permanente | Ubicación/localización actual | Ubicación en estantería | Fecha de adquisición | Fuente de adquisición | Total de préstamos | Signatura topográfica completa | Código de barras | Fecha visto por última vez | Precio válido a partir de | Tipo de ítem Koha |
|---|---|---|---|---|---|---|---|---|---|---|---|---|---|---|---|
| Dewey Decimal Classification | Excluido de préstamo | Patrimonio Dominicano | Biblioteca Nacional Pedro Henríquez Ureña | Patrimonio Dominicano | Depósito | 27.04.2018 | Donado por Rolando Melo C. | BNPHU-xxxx R377i | 2021-0165 | 15.02.2021 | 15.02.2021 | Libro y Folleto Colección Patrimonio Dominicano |
